LEADER 03205oas 2201201 a 450 001 9910146259303321 005 20260218111758.0 035 $a(DE-599)ZDB2453005-0 035 $a(OCoLC)250625752 035 $a(CONSER) 2009263229 035 $a(CKB)1000000000440215 035 $a(DE-599)2453005-0 035 $a(EXLCZ)991000000000440215 100 $a20080915a20079999 sy 101 0 $aeng 135 $aurcn||||||||| 181 $ctxt$2rdacontent 182 $cc$2rdamedia 183 $acr$2rdacarrier 200 00$aFrontiers in systems neuroscience 210 $aLausanne, Switzerland $cFrontiers Research Foundation$d2007- 215 $a1 online resource 300 $aRefereed/Peer-reviewed 311 08$a1662-5137 531 10$aFront Syst Neurosci 606 $aBrain$vPeriodicals 606 $aNeural networks (Neurobiology)$vPeriodicals 606 $aNervous system$vPeriodicals 606 $aNeural circuitry$vPeriodicals 606 $aNeurobiology 606 $aBrain 606 $aNeural Pathways 606 $aNervous System 606 $aCerveau$vPe?riodiques 606 $aRe?seaux neuronaux (Neurobiologie)$vPe?riodiques 606 $aSyste?me nerveux$vPe?riodiques 606 $aRe?seaux nerveux$vPe?riodiques 606 $aNeurobiologie 606 $aCerveau 606 $aVoies nerveuses 606 $aSyste?me nerveux 606 $abrains$2aat 606 $aBrain$2fast$3(OCoLC)fst00837570 606 $aNervous system$2fast$3(OCoLC)fst01036080 606 $aNeural circuitry$2fast$3(OCoLC)fst01036245 606 $aNeural networks (Neurobiology)$2fast$3(OCoLC)fst01036271 608 $aPeriodical. 608 $aFulltext. 608 $aInternet Resources. 608 $aPeriodicals. 608 $aPeriodicals.$2fast 615 0$aBrain 615 0$aNeural networks (Neurobiology) 615 0$aNervous system 615 0$aNeural circuitry 615 12$aNeurobiology. 615 22$aBrain. 615 22$aNeural Pathways. 615 22$aNervous System. 615 6$aCerveau 615 6$aRe?seaux neuronaux (Neurobiologie) 615 6$aSyste?me nerveux 615 6$aRe?seaux nerveux 615 6$aNeurobiologie. 615 6$aCerveau. 615 6$aVoies nerveuses. 615 6$aSyste?me nerveux. 615 7$abrains. 615 7$aBrain. 615 7$aNervous system. 615 7$aNeural circuitry. 615 7$aNeural networks (Neurobiology) 712 02$aFrontiers Research Foundation 801 0$bSNM 801 1$bSNM 801 2$bTXA 801 2$bHEBIS 801 2$bOCLCQ 801 2$bAU@ 801 2$bDEBBG 801 2$bNLM 801 2$bGWDNB 801 2$bOCLCQ 801 2$bGBVCP 801 2$bOCLCQ 801 2$bOCLCF 801 2$bCUS 801 2$bEUW 801 2$bOCLCQ 801 2$bCASUM 801 2$bOCLCO 801 2$bOCLCA 801 2$bOCLCQ 801 2$bIOY 801 2$bOCLCQ 801 2$bOCLCL 801 2$bUEJ 801 2$bSFB 801 2$bOCLCQ 906 $aJOURNAL 912 $a9910146259303321 996 $aFrontiers in systems neuroscience$92106290 997 $aUNINA